Best Soccer Players To Never Win A World Cup Minefield - Statistics

General Stats
  • This quiz has been taken 244 times
  • The average score is 3 of 15
Answers on the Grid
Answers color-coded by a green-red scale on the quiz's grid according to % correct below.
Zico
Socrates
Lionel Messi
Neymar Jr
Alfredo Di Stefano
Cristiano Ronaldo
Michel Platini
Paolo Maldini
Oliver Khan
Karl-Heinz Rummenigge
Stanley Matthews
Eric Cantona
Roberto Baggio
Cafu
Daniel Passarella
Thiago Almada
Alphonse Areola
Laurent Blanc
Gianlouigi Buffon
Bobby Charlton
Thierry Henry
Gennaro Gattuso
Lucio
Kevin Keegan
Presnel Kimpembe
Javi Martinez
Bobby Moore
Exequiel Palacios
Giorgio Chiellini
Leonardo Bonucci
 
Answer Stats
Answer % Correct
Lionel Messi
88%
Thierry Henry
33%
Cafu
28%
Bobby Moore
26%
Gianlouigi Buffon
26%
Bobby Charlton
23%
Gennaro Gattuso
17%
Laurent Blanc
17%
Lucio
16%
Javi Martinez
14%
Thiago Almada
14%
Presnel Kimpembe
12%
Alphonse Areola
11%
Daniel Passarella
10%
Exequiel Palacios
8%
No matching quizzes found
Score Distribution
Percent of People with Each Score
Percentile by Number Answered
Your Score History
You have not taken this quiz